000
00313nam a22001337a 4500
008
181011b xxu||||| |||| 00| 0 eng d
020
_a
9781850436584
041
_a
eng
080
_a
941
100
_a
17
101
_a
HIS
245
_a
The Middle East in the World Economy 1800-1914
_c
Owen, R
942
_2
udc
_c
BK
999
_c
49432
_d
49432